000 00618nam a2200241Ia 4500
003 OSt
005 20221007064309.0
006 a|||||r|||| 00| 0
007 ta
008 221006b |||||||| |||| 00| 0 eng d
024 _a21,737
037 _cTextual
040 _aFLL
_cFLL
_beng
041 _2eng
_aeng
082 _aZ2:801k, J4.3-1
100 _aPrem Daulat Ram
_9682875
245 0 _aCivil practice
250 _a3rd
260 _aDelhi
_bArora Law House India
_c1967
300 _a1100p
_ccm.
942 _hZ2:801k, J4.3-1
_cTEXL
_2CC
999 _c1133636
_d1133636